Les quartiers de Nantes - Statistiques

Statistiques générales
  • Ce quiz a été pris 95 fois
  • Le résultat moyen est 29 sur 105
Statistiques - réponses
Réponses % Correct
Nantes Nord
82%
Bellevue - Chantenay - Sainte-Anne
81%
Nantes Sud
75%
Graslin - Commerce
73%
Malakoff - Saint-Donatien
70%
Dervallières - Zola
67%
Malakoff
64%
Île de Nantes
60%
Decré - Cathédrale
59%
Dervallières - Chézine
58%
Centre-Ville
53%
Doulon Bottière
53%
Bourgeonnière - Petit-Port
52%
Hauts Pavés - Saint-Félix
52%
Mairie de Chantenay
52%
Mairie de Doulon
52%
Saint-Félix
52%
Beaujoire - Halvèque
51%
Saint-Jacques - Pirmil
48%
Zola
48%
Beaulieu - Mangin
45%
Salorges - Sainte-Anne
45%
Breil - Barberie
41%
Coulmiers - Jardin des Plantes
41%
Île Beaulieu
41%
Nantes - Erdre
41%
Saint-Donatien
40%
Breil - Malville
38%
Rennes - Bellamy
38%
Sainte-Anne - zone portuaire
38%
Bretagne
37%
Talensac - Pont-Morand
37%
Jonelière - Université
36%
Gloriette - Feydeau
34%
Grillaud - Procé
34%
Hauts Pavés
34%
La Bottière
34%
Rond-point de Rennes
34%
Beauséjour
33%
Joncours - Procé
33%
Procé
33%
République - les Ponts
30%
Viarme
30%
Jules Verne
29%
Université Michelet
29%
Vannes - Saint-Pasquier
29%
Bout des Pavés - Chêne des Anglais
27%
Canclaux
27%
Route de Vannes
27%
Gréneraie - Clos Toreau
26%
Haluchères - Perray
26%
Dalby
25%
Mellinet
25%
Pin Sec
23%
Guist'hau
22%
Pont du Cens - Côte d'Or
21%
Barberie
19%
Boissière
19%
Caserne Mellinet
19%
Saint-Jacques - Repossière
19%
Santos Dumont
19%
Bellamy - Barbin
18%
Chantrerie - Gachet
16%
Le Vieux Doulon
16%
Eraudière - Renaudière
15%
Le Landreau
15%
Mendès-France
15%
Ranzay - Grand Clos
15%
Croix Bonneau - Bourderies
14%
Lauriers
14%
Madeleine - Champ de Mars
14%
Port-Boyer
14%
Waldeck - Sully
14%
Gaudinière
12%
Saint-Joseph-de-Porterie
12%
Schuman
12%
Tortière
12%
Cheviré - zone portuaire
11%
Sèvre
11%
Toutes-Aides
11%
Quai de la Fosse
10%
Richebourg - Saint-Clément
10%
Bout des Landes
8%
Carcouët
8%
Contrie
8%
Coudray
8%
Durantière
8%
Perverie
8%
Dobrée - Bon Port
7%
Les Mauves
7%
Plessis - Tison
7%
Lion d'Or - Gilarderie
5%
Route de Sainte-Luce
5%
Jean Macé
4%
Monselet
4%
Petit Bois
4%
Pilotière
4%
Plessis Cellier - Roche Maurice
4%
Agenêts
3%
Boulevard des Poilus
3%
Chauvinière
3%
Le Bois Briand
3%
Boucardière - Mallève
1%
Hauts de Gesvre
1%
Vieux Malakoff
1%
Aucun quiz correspondant
Distribution des résultats
% des personnes avec chaque résultat
Percentile par nombre de réponses
Votre historique - résultats
Vous n’avez pas pris ce quiz